[Event "40th Olympiad Women"]
[Site "Istanbul TUR"]
[Date "2012.09.06"]
[Round "9.14"]
[Board "1"]
[White "Bulmaga, Irina"]
[Black "Perena, Catherine"]
[Result "1-0"]
[WhiteTitle "WIM"]
[BlackTitle "WIM"]
[WhiteElo "2380"]
[BlackElo "2091"]
[WhiteTeam "Romania"]
[BlackTeam "Philippines"]
[WhiteFideId "13903063"]
[BlackFideId "5202744"]
[EventDate "2012.08.28"]

1. e4 d5 2. exd5 Qxd5 3. Nc3 Qa5 4. d4 Nf6 5. Bc4 c6 6. Bd2 Bf5 7. Nd5 Qd8 8.
Nxf6+ gxf6 9. Nf3 Rg8 10. c3 e6 11. Qe2 Be7 12. h3 Nd7 13. Nh4 Bg6 14. Nxg6 hxg6
15. O-O-O Qa5 16. Bb3 O-O-O 17. Kb1 Qc7 18. h4 f5 19. g3 Bd6 20. h5 gxh5 21.
Rxh5 Nf6 22. Rh6 Ng4 23. Rh7 Kb8 24. Bc1 Nf6 25. Rh6 Ng4 26. Rh5 Nf6 27. Rhh1
Rg4 28. Rh6 Ne4 29. Qe1 Bf8 30. Rh8 Nd6 31. Bf4 b5 32. f3 Rg6 33. c4 e5 34. Bxe5
bxc4 35. Bxc4 Ka8 36. Rh7 Qb7 37. Bb3 Re8 38. Qc3 Nb5 39. Qc2 Bg7 40. Rxg7 Rge6
41. a4 1-0

[Event "40th Olympiad Women"]
[Site "Istanbul TUR"]
[Date "2012.09.06"]
[Round "9.14"]
[Board "2"]
[White "Frayna, Janelle Mae"]
[Black "Cosma, Elena-Luminita"]
[Result "1/2-1/2"]
[BlackTitle "WGM"]
[WhiteElo "1991"]
[BlackElo "2352"]
[WhiteTeam "Philippines"]
[BlackTeam "Romania"]
[WhiteFideId "5212499"]
[BlackFideId "1201590"]
[EventDate "2012.08.28"]

1. c4 e6 2. g3 d5 3. Bg2 Nf6 4. Nf3 dxc4 5. Na3 Bxa3 6. bxa3 b5 7. Ne5 Nd5 8. d3
cxd3 9. Qxd3 O-O 10. Qxb5 Ba6 11. Qb2 c5 12. O-O Nd7 13. Nxd7 Qxd7 14. Rd1 Qa4
15. Bg5 Rab8 16. Qe5 Qxa3 17. Bxd5 exd5 18. Rxd5 Qb2 19. Qxb2 Rxb2 20. Rxc5 Bxe2
21. Bc1 Rb7 22. Bf4 h6 23. Rac1 a6 24. Kg2 Bd3 25. Be5 Re8 26. Rc8 Rxc8 27.
Rxc8+ Kh7 28. Rc7 Rb5 29. Bd4 Be4+ 30. f3 Bd5 31. Rc5 Bxa2 32. Rxb5 axb5 33. g4
b4 34. Kg3 b3 35. h4 Bb1 36. f4 Bc2 37. f5 f6 38. Kf4 Kg8 39. Ba1 Kf7 40. Bc3
Bd1 41. g5 fxg5+ 42. hxg5 Bh5 43. Bb2 hxg5+ 44. Kxg5 Be2 45. Bc3 Bb5 46. Bb2 Be8
47. Bc3 Kg8 48. Bb2 Bf7 49. Bc3 Bc4 50. Bb2 Bf7 51. Bc3 Be8 52. Bb2 Kf7 53. Bc3
Bb5 54. Bb2 Bd3 55. Bc3 Be4 56. Bb2 Bc2 1/2-1/2

[Event "40th Olympiad Women"]
[Site "Istanbul TUR"]
[Date "2012.09.06"]
[Round "9.14"]
[Board "3"]
[White "L'Ami, Alina"]
[Black "Docena, Jedara"]
[Result "1-0"]
[WhiteTitle "WGM"]
[WhiteElo "2372"]
[BlackElo "2061"]
[WhiteTeam "Romania"]
[BlackTeam "Philippines"]
[WhiteFideId "1210246"]
[BlackFideId "5202361"]
[EventDate "2012.08.28"]

1. d4 d6 2. Nf3 Bg4 3. c4 Nd7 4. Nc3 e5 5. g3 Ngf6 6. Bg2 Be7 7. h3 Bxf3 8. Bxf3
c6 9. O-O O-O 10. Bg2 Ne8 11. d5 c5 12. f4 g6 13. f5 Bg5 14. e3 gxf5 15. h4 Bh6
16. Bh3 Ng7 17. Bxf5 Nxf5 18. Rxf5 Bg7 19. Qf3 Nb6 20. Ne4 f6 21. Qf1 Nc8 22.
Bd2 Kh8 23. Rf2 a5 24. Qh3 b6 25. Raf1 Ra7 26. g4 Kg8 27. g5 Qd7 28. Qxd7 Rxd7
29. gxf6 Bh6 30. Rg2+ Kf7 31. Ng5+ Bxg5 32. hxg5 Rg8 33. e4 Rg6 34. Rh2 Kg8 35.
Kg2 Rf7 36. Kg3 Na7 37. b3 Nc8 38. Kg4 Kf8 39. Rfh1 Kg8 40. Rh6 Rd7 41. Kf5 Rxh6
42. Rxh6 Rf7 43. Ke6 Rb7 44. a4 Kf8 45. g6 1-0

[Event "40th Olympiad Women"]
[Site "Istanbul TUR"]
[Date "2012.09.06"]
[Round "9.14"]
[Board "4"]
[White "Fronda, Jan Jodilyn"]
[Black "Sandu, Mihaela"]
[Result "1-0"]
[BlackTitle "WGM"]
[WhiteElo "2022"]
[BlackElo "2246"]
[WhiteTeam "Philippines"]
[BlackTeam "Romania"]
[WhiteFideId "5204585"]
[BlackFideId "1204327"]
[EventDate "2012.08.28"]

1. e4 c5 2. Nf3 d6 3. d4 cxd4 4. Qxd4 a6 5. c4 Nc6 6. Qd2 g6 7. Be2 Bg4 8. O-O
Rc8 9. b3 Bxf3 10. Bxf3 Ne5 11. Be2 Bh6 12. Qc2 Bg7 13. Bb2 Nf6 14. Nc3 O-O 15.
Rad1 Qa5 16. Qd2 Nc6 17. f3 Rfd8 18. Kh1 e6 19. Na4 Qc7 20. Qe3 Rb8 21. Nc3 Qa5
22. Rd2 b5 23. Rfd1 Ne8 24. c5 dxc5 25. Qxc5 Rdc8 26. Qe3 b4 27. Na4 Bxb2 28.
Nxb2 Rd8 29. Nc4 Qc7 30. Rxd8 Rxd8 31. Rxd8 Qxd8 32. Qb6 Qd4 33. Qxd4 Nxd4 34.
Bd3 f6 35. e5 fxe5 36. Nxe5 Nc7 37. Kg1 Kf8 38. Kf2 a5 39. Nc4 Nd5 40. Nxa5 Nc3
41. g4 Ke7 42. Ke3 e5 43. Be4 Nxa2 44. f4 Nc1 45. Bd5 Kd6 46. Ke4 Nce2 47. fxe5+
Kc5 48. Nb7+ Kb6 49. Kd3 Nb5 50. Nd6 Nbc3 51. Bg8 h5 52. gxh5 gxh5 53. Kc4 Kc6
54. Kxb4 Nd5+ 55. Kc4 Nb6+ 56. Kd3 Ng1 57. Ke3 Nd5+ 58. Kf2 Nh3+ 59. Kg3 Ng5 60.
h4 Ne7 61. hxg5 Nxg8 62. Kh4 Kd5 63. Nc4 1-0

[Event "40th Olympiad Women"]
[Site "Istanbul TUR"]
[Date "2012.09.06"]
[Round "9.15"]
[Board "1"]
[White "Lanchava, Tea"]
[Black "Azman Hisham, Nur Nabila"]
[Result "1-0"]
[WhiteTitle "IM"]
[BlackTitle "WCM"]
[WhiteElo "2351"]
[BlackElo "1910"]
[WhiteTeam "Netherlands"]
[BlackTeam "Malaysia"]
[WhiteFideId "1005308"]
[BlackFideId "5702135"]
[EventDate "2012.08.28"]

1. d4 Nf6 2. c4 c5 3. d5 b5 4. Qc2 d6 5. e4 Nbd7 6. cxb5 a6 7. Nc3 g6 8. f4 Bg7
9. Nf3 Nb6 10. Be2 O-O 11. O-O axb5 12. Nxb5 Ba6 13. Bd2 Qd7 14. a4 Rfc8 15.
Rfe1 c4 16. Nc3 Qa7 17. Kh1 Ng4 18. Nd1 Nd7 19. Bc3 Bxc3 20. bxc3 Nc5 21. Nd4
Nf6 22. Nf2 Nb3 23. Rad1 Qc5 24. Bf1 Rc7 25. g4 Bc8 26. f5 Rxa4 27. g5 Nd7 28.
Ng4 Ne5 29. Nh6+ Kg7 30. Qf2 f6 31. fxg6 hxg6 32. Qh4 Nxd4 33. cxd4 Nf3 34. Nf5+
Kg8 35. Qh6 Bxf5 36. dxc5 fxg5 37. exf5 Nxe1 38. fxg6 e5 39. Rxe1 dxc5 40. Bh3 1-0

[Event "40th Olympiad Women"]
[Site "Istanbul TUR"]
[Date "2012.09.06"]
[Round "9.15"]
[Board "2"]
[White "Fong, Mi Yen"]
[Black "Schut, Lisa"]
[Result "0-1"]
[WhiteTitle "WCM"]
[BlackTitle "WIM"]
[WhiteElo "1885"]
[BlackElo "2305"]
[WhiteTeam "Malaysia"]
[BlackTeam "Netherlands"]
[WhiteFideId "5703522"]
[BlackFideId "1019481"]
[EventDate "2012.08.28"]

1. e4 c5 2. Nf3 d6 3. d4 cxd4 4. Nxd4 Nf6 5. Nc3 a6 6. Bg5 Nbd7 7. Qf3 h6 8.
Bxf6 Nxf6 9. h3 e6 10. O-O-O Qc7 11. Qg3 Bd7 12. Bd3 O-O-O 13. Rhe1 g5 14. Re3
Kb8 15. Be2 Be7 16. Red3 Bc8 17. Bf3 Nd7 18. Na4 Qa5 19. Ra3 Qe5 20. Rb3 Qxg3
21. fxg3 Ka7 22. Bh5 Nc5 23. Nxc5 dxc5 24. Nf3 f6 25. Rbd3 b5 26. g4 Kb6 27. Bg6
c4 28. Rd4 Rxd4 29. Nxd4 Rf8 30. c3 Kc7 31. Kc2 Bd6 32. Rf1 Kd7 33. a3 Bb7 34.
Rf3 Ke7 35. Re3 Rg8 36. Bh5 Rd8 37. Bg6 Bc5 38. g3 Bxd4 39. cxd4 Rxd4 40. h4 Kd6
41. Kc3 Ke5 42. Bf7 Rxe4 43. Rxe4+ Bxe4 44. h5 f5 45. gxf5 exf5 46. Be8 f4 0-1

[Event "40th Olympiad Women"]
[Site "Istanbul TUR"]
[Date "2012.09.06"]
[Round "9.15"]
[Board "3"]
[White "Haast, Anne"]
[Black "Tan, Li Ting"]
[Result "1-0"]
[WhiteTitle "WIM"]
[WhiteElo "2235"]
[BlackElo "1834"]
[WhiteTeam "Netherlands"]
[BlackTeam "Malaysia"]
[WhiteFideId "1017292"]
[BlackFideId "5704820"]
[EventDate "2012.08.28"]

1. e4 e5 2. Nf3 Nc6 3. d4 exd4 4. Nxd4 Nf6 5. Nxc6 bxc6 6. e5 Qe7 7. Qe2 Nd5 8.
c4 Nb6 9. Nc3 Qe6 10. Qe4 Be7 11. f4 g6 12. Bd3 Ba6 13. b3 f5 14. Qf3 Bb7 15.
Bb2 O-O-O 16. O-O-O d5 17. exd6 cxd6 18. Rhe1 Qf7 19. g4 Rd7 20. gxf5 gxf5 21.
c5 dxc5 22. Re5 Bd6 23. Rxf5 Qe7 24. Ne4 Rf8 25. Nxd6+ Rxd6 26. Be5 Re6 27.
Rxf8+ Qxf8 28. Qg4 Qe8 29. Bf5 1-0

[Event "40th Olympiad Women"]
[Site "Istanbul TUR"]
[Date "2012.09.06"]
[Round "9.15"]
[Board "4"]
[White "Camilia, Bt. Johari"]
[Black "Van Weersel, Arlette"]
[Result "0-1"]
[BlackTitle "WIM"]
[WhiteElo "1778"]
[BlackElo "2151"]
[WhiteTeam "Malaysia"]
[BlackTeam "Netherlands"]
[WhiteFideId "5704677"]
[BlackFideId "1009877"]
[EventDate "2012.08.28"]

1. d4 Nf6 2. Nf3 g6 3. Bf4 Bg7 4. e3 b6 5. Be2 Bb7 6. h3 O-O 7. O-O d5 8. c4 c5
9. dxc5 bxc5 10. Nc3 e6 11. Nb5 a6 12. Nc3 Nc6 13. cxd5 Nxd5 14. Nxd5 exd5 15.
Rc1 c4 16. Nd4 Qf6 17. Nf3 Qd8 18. Nd4 Nxd4 19. exd4 Qb6 20. Be3 f5 21. Qd2 Rae8
22. Bf3 Rf7 23. Rfd1 a5 24. b3 cxb3 25. axb3 Bf8 26. Qa2 Bb4 27. Bd2 Qxd4 28.
Bxb4 Qxb4 29. Bxd5 Bxd5 30. Rxd5 Rfe7 31. Rcd1 Re1+ 32. Rxe1 Rxe1+ 33. Kh2 Qf4+
34. g3 Qe4 35. Rd8+ Kg7 36. Qb2+ Kf7 0-1

[Event "40th Olympiad Women"]
[Site "Istanbul TUR"]
[Date "2012.09.06"]
[Round "9.16"]
[Board "1"]
[White "Munguntuul, Batkhuyag"]
[Black "Heredia Serrano, Carla"]
[Result "1-0"]
[WhiteTitle "IM"]
[BlackTitle "WIM"]
[WhiteElo "2434"]
[BlackElo "2242"]
[WhiteTeam "Mongolia"]
[BlackTeam "Ecuador"]
[WhiteFideId "4900758"]
[BlackFideId "3603687"]
[EventDate "2012.08.28"]

1. d4 d5 2. Nf3 Nf6 3. Bg5 Nbd7 4. e3 c5 5. c3 Qb6 6. Qc2 Ne4 7. Bf4 Ndf6 8.
Nbd2 Nxd2 9. Nxd2 cxd4 10. exd4 Bd7 11. Be2 e6 12. Qb3 Qxb3 13. axb3 a6 14. b4
Rc8 15. Nb3 Ne4 16. f3 Bd6 17. fxe4 Bxf4 18. exd5 exd5 19. Bf3 Be6 20. Nc5 Rb8
21. O-O O-O 22. Rae1 Rfe8 23. Nxe6 fxe6 24. Bh5 Rf8 25. Bg4 Rbe8 26. g3 Bd2 27.
Re2 Rxf1+ 28. Kxf1 Bc1 29. Bxe6+ Kf8 30. Bxd5 Rxe2 31. Kxe2 Bxb2 32. Kd3 b6 33.
Bb7 a5 34. bxa5 bxa5 35. Bc6 Ke7 36. c4 Kd6 37. Ba4 Ba3 38. c5+ Kd5 39. Bb3+ Kc6
40. Kc4 Bb4 41. d5+ Kd7 42. Ba4+ Ke7 43. d6+ Ke6 44. Kd4 Be1 45. Bb3+ Kd7 46.
Kd5 Bf2 47. c6+ Kc8 48. c7 Kb7 49. Bc4 1-0

[Event "40th Olympiad Women"]
[Site "Istanbul TUR"]
[Date "2012.09.06"]
[Round "9.16"]
[Board "2"]
[White "Moncayo Romero, Evelyn"]
[Black "Batchimeg, Tuvshintugs"]
[Result "0-1"]
[WhiteTitle "WIM"]
[BlackTitle "WGM"]
[WhiteElo "2163"]
[BlackElo "2311"]
[WhiteTeam "Ecuador"]
[BlackTeam "Mongolia"]
[WhiteFideId "3600424"]
[BlackFideId "4900839"]
[EventDate "2012.08.28"]

1. e4 e5 2. Nf3 Nc6 3. Bb5 a6 4. Ba4 Nf6 5. d4 exd4 6. O-O Be7 7. e5 Ne4 8. Bxc6
dxc6 9. Re1 Nc5 10. Nxd4 O-O 11. Nc3 Ne6 12. Nf5 Bg5 13. Ne4 Qxd1 14. Rxd1 Bd8
15. Nfg3 Re8 16. Rd3 Nf8 17. Be3 Bh4 18. f4 Bg4 19. h3 Be6 20. b3 b5 21. Rad1
Bd5 22. Bc1 f6 23. Nc3 Be6 24. f5 Bxg3 25. Rxg3 Bxf5 26. exf6 g6 27. Rf1 Kf7 28.
Bg5 Ne6 29. h4 Nd4 30. Rf2 b4 31. Be3 Nxc2 32. Nd1 Rad8 33. Bd2 Re4 34. Ne3 Rxd2
35. Nxc2 Rd1+ 36. Kh2 Rxh4+ 37. Rh3 Bxh3 38. gxh3 Rd3 39. Kg2 Rdxh3 40. Nxb4
Rh2+ 0-1

[Event "40th Olympiad Women"]
[Site "Istanbul TUR"]
[Date "2012.09.06"]
[Round "9.16"]
[Board "3"]
[White "Yanjindulam, Dulamsuren"]
[Black "Vasquez Ramirez, Rocio"]
[Result "1-0"]
[WhiteTitle "WIM"]
[BlackTitle "WIM"]
[WhiteElo "2232"]
[BlackElo "2132"]
[WhiteTeam "Mongolia"]
[BlackTeam "Ecuador"]
[WhiteFideId "4900952"]
[BlackFideId "3600750"]
[EventDate "2012.08.28"]

1. e4 c5 2. Nf3 e6 3. c3 b6 4. d4 Bb7 5. Bd3 d6 6. O-O Nd7 7. Re1 Qc7 8. Nbd2
Ne7 9. Nf1 h6 10. Ng3 g5 11. Nh5 O-O-O 12. Qe2 Kb8 13. a4 Nc6 14. Be3 Be7 15. h3
Rdf8 16. Rac1 f5 17. exf5 exf5 18. Ng7 g4 19. hxg4 fxg4 20. Nd2 Rfg8 21. Nf5 g3
22. fxg3 Bg5 23. Ne4 Rg6 24. Qh5 Nf6 25. Nxf6 Bxe3+ 26. Nxe3 Rxg3 27. Qh4 Rg5
28. Ne4 Qg7 29. Nxg5 hxg5 30. Qg3 cxd4 31. Nf5 Qh7 32. Nxd6 1-0

[Event "40th Olympiad Women"]
[Site "Istanbul TUR"]
[Date "2012.09.06"]
[Round "9.16"]
[Board "4"]
[White "Romero Echeverria, Abigail"]
[Black "Otgonjargal, Sengeravdan"]
[Result "1/2-1/2"]
[WhiteTitle "WFM"]
[BlackTitle "WFM"]
[WhiteElo "2109"]
[BlackElo "2146"]
[WhiteTeam "Ecuador"]
[BlackTeam "Mongolia"]
[WhiteFideId "3603806"]
[BlackFideId "4900790"]
[EventDate "2012.08.28"]

1. e4 c5 2. Nc3 d6 3. g3 Nf6 4. Bg2 Nc6 5. d3 g6 6. h3 Bg7 7. Be3 Bd7 8. Qd2 Nd4
9. Nge2 Qb6 10. Nd1 O-O 11. Nc1 Bc6 12. c3 Nf5 13. Bf4 e5 14. Bg5 Ne7 15. O-O
Rae8 16. Ne3 Kh8 17. f4 Nfg8 18. Nc4 Qc7 19. Ne2 f6 20. fxe5 dxe5 21. Be3 Rd8
22. Qc2 b6 23. a4 f5 24. b4 cxb4 25. cxb4 Bb7 26. Rac1 Qd7 27. Nb2 Nf6 28. a5
bxa5 29. bxa5 Ba6 30. Rfd1 Rc8 31. Qa4 Qxa4 32. Nxa4 fxe4 33. Nc5 Nf5 34. Bf2
Bxd3 35. Nxd3 exd3 36. Rxc8 Rxc8 37. Rxd3 e4 38. Rc3 Rxc3 39. Nxc3 e3 40. Be1
Nd4 41. Kf1 Ne8 42. Nd5 e2+ 43. Kf2 Nd6 44. Nf4 Nc2 45. Nxe2 Nxe1 46. Kxe1 a6
47. Bd5 Bf6 48. Kd2 Bd8 49. Kd3 Bxa5 50. Nd4 Be1 51. g4 a5 52. Bb3 Kg7 53. Nf3
Bf2 54. Ke2 Bg3 55. Nd4 Kf6 56. Nc6 Nb7 57. Kf3 Be1 58. Ke2 Bh4 59. Ke3 g5 60.
Bc2 h6 61. Bb3 Bg3 62. Kd4 Bf2+ 63. Kd5 Bb6 64. Bc2 Bc7 65. Bd1 Bg3 66. Ba4 Bf2
67. Bc2 Bb6 68. Bd1 Nc5 69. Nxa5 Nd3 70. Nc4 Ba7 71. Nd2 Nf4+ 72. Ke4 Nxh3 73.
Kf3 Nf4 74. Ne4+ Ke5 75. Ng3 Bc5 76. Nf5 h5 77. Bc2 h4 78. Be4 Ne6 79. Bb7 Nf8
80. Bc8 Ng6 81. Bd7 Kf6 82. Bc8 Ne5+ 83. Kg2 Nxg4 84. Nxh4 Ne3+ 85. Kh3 gxh4 86.
Kxh4 Bd6 87. Bg4 Ke5 88. Kg3 Ke4+ 89. Kh3 Kf4 90. Be6 Be7 91. Bc8 Bf6 92. Bb7
Be5 93. Bc6 Nf5 94. Bb7 Bd4 95. Bc6 Be3 96. Bb7 Nd4 97. Kg2 Nf5 98. Kh3 Bf2 99.
Kg2 Be1 100. Kh3 Ke5 1/2-1/2

[Event "40th Olympiad Women"]
[Site "Istanbul TUR"]
[Date "2012.09.06"]
[Round "9.17"]
[Board "1"]
[White "Sedina, Elena"]
[Black "Medina, Warda Aulia"]
[Result "1-0"]
[WhiteTitle "IM"]
[BlackTitle "WFM"]
[WhiteElo "2338"]
[BlackElo "2218"]
[WhiteTeam "Italy"]
[BlackTeam "Indonesia"]
[WhiteFideId "812153"]
[BlackFideId "7101570"]
[EventDate "2012.08.28"]

1. e4 e6 2. d4 d5 3. e5 c5 4. c3 Nc6 5. Nf3 Bd7 6. Be2 Nge7 7. O-O Qb6 8. dxc5
Qxc5 9. Bf4 Ng6 10. Bg3 Qb6 11. Nbd2 Qxb2 12. c4 Bb4 13. cxd5 exd5 14. Nb3 Be6
15. Nfd4 Nxd4 16. Nxd4 O-O 17. Rb1 Qc3 18. Nb5 Qc5 19. a3 Ba5 20. Nd6 Qxa3 21.
Rb3 Qa2 22. Rxb7 Bb6 23. Bd3 Qb2 24. Qh5 Rab8 25. Rxb8 Rxb8 26. Nxf7 Kxf7 27.
Qxh7 Nf8 28. Qh8 Qd2 29. Qh5+ Kg8 30. Rd1 Qb2 31. h3 Rc8 32. Qg5 Qb3 33. Qd2 Rc3
34. Kh2 Nd7 35. Qe2 Qa3 36. Bb1 Rc1 37. f4 Rxd1 38. Qxd1 d4 39. f5 Bd5 40. f6
Qb2 41. Bc2 Nf8 42. fxg7 Nh7 43. Bxh7+ Kxh7 44. Qh5+ Kxg7 45. Qg4+ Kf8 46. Qc8+
Kg7 47. Qd7+ Kg6 48. Qxd5 Qb1 49. Qg8+ Kh5 50. Bf4 1-0

[Event "40th Olympiad Women"]
[Site "Istanbul TUR"]
[Date "2012.09.06"]
[Round "9.17"]
[Board "2"]
[White "Sihite, Chelsie Monica"]
[Black "Zimina, Olga"]
[Result "1-0"]
[WhiteTitle "WIM"]
[BlackTitle "IM"]
[WhiteElo "2162"]
[BlackElo "2327"]
[WhiteTeam "Indonesia"]
[BlackTeam "Italy"]
[WhiteFideId "7101198"]
[BlackFideId "4132190"]
[EventDate "2012.08.28"]

1. e4 e5 2. Nf3 Nc6 3. Bc4 Bc5 4. c3 Nf6 5. d3 O-O 6. Bg5 h6 7. Bh4 Be7 8. Nbd2
d6 9. Bb3 Be6 10. Nc4 Qd7 11. O-O Rae8 12. Re1 Nh7 13. Bg3 Bg4 14. Ne3 Bh5 15.
Nxe5 Nxe5 16. Qxh5 Nxd3 17. Red1 Nxb2 18. Rd4 b5 19. Nf5 Kh8 20. Be5 Bf6 21.
Bxf6 Nxf6 22. Qh4 Ng8 23. Qg3 g6 24. Ne3 Qd8 25. f4 Nc4 26. Ba4 Re7 27. Nxc4
bxc4 28. e5 Qb8 29. Rad1 dxe5 30. fxe5 Qb6 31. Kh1 Qe6 32. Re4 Rb8 33. Qf2 Qa6
34. Bc2 Rbe8 35. Qd4 Qe6 36. Ba4 Rb8 37. h3 Kh7 38. Bd7 c5 39. Qd2 Qb6 40. Qe2
Rd8 41. Ba4 Rxd1+ 42. Bxd1 Qb1 43. Kh2 Qd3 44. Qe1 Nf6 45. Re3 Qf5 46. exf6 Qf4+
47. Qg3 Qxe3 48. fxe7 Qxe7 49. Qf4 Kg7 50. Bf3 h5 51. Bd5 h4 52. Bxc4 Kg8 53.
Bd5 Kg7 54. c4 Kg8 55. g4 hxg3+ 56. Kxg3 Qe1+ 57. Kg2 Qe2+ 58. Qf2 Qe7 59. h4
Kg7 60. Qf3 Kg8 61. Kh3 Kg7 62. Qf4 Kg8 63. Qg5 Qd6 64. h5 Kh7 65. Kg2 Qc7 66.
Qf6 gxh5 67. Bxf7 Qb7+ 68. Kf2 Qe4 69. Bxh5 Qxc4 70. Qf7+ Qxf7+ 71. Bxf7 Kg7 72.
Bc4 Kf6 73. Ba6 Ke5 74. Ke3 Kd5 75. Kd3 Kc6 76. Kc4 Kb6 77. Bb5 a6 78. Bd7 Ka5
79. Bg4 Kb6 80. Bf3 Ka5 81. Kxc5 Ka4 82. Kb6 a5 83. Kc5 Ka3 84. Bd5 Ka4 85. Bc4
Ka3 86. Kb5 1-0

[Event "40th Olympiad Women"]
[Site "Istanbul TUR"]
[Date "2012.09.06"]
[Round "9.17"]
[Board "3"]
[White "Brunello, Marina"]
[Black "Dewi, Aa Citra"]
[Result "1-0"]
[WhiteTitle "WIM"]
[BlackTitle "WFM"]
[WhiteElo "2239"]
[BlackElo "2143"]
[WhiteTeam "Italy"]
[BlackTeam "Indonesia"]
[WhiteFideId "822590"]
[BlackFideId "7101244"]
[EventDate "2012.08.28"]

1. e4 c5 2. Nf3 e6 3. c3 Nf6 4. e5 Nd5 5. d4 cxd4 6. cxd4 d6 7. Bc4 Nb6 8. Bb3
Nc6 9. exd6 Bxd6 10. O-O Nd5 11. Nc3 O-O 12. Re1 Nxc3 13. bxc3 Ne7 14. Ng5 Qa5
15. Bc2 Ng6 16. Qf3 Be7 17. h4 h6 18. h5 Bxg5 19. hxg6 fxg6 20. Qg3 Bxc1 21.
Raxc1 g5 22. Re5 Qa6 23. Rce1 Bd7 24. Qh3 Rad8 25. Qe3 Rf4 26. g3 Rf6 27. Qe4
Bc6 28. Qh7+ Kf7 29. Bd1 Rf8 30. Bh5+ Ke7 31. Rxe6+ Kd8 32. Rxf6 Rxf6 33. Qg8+
Kc7 34. Qxg7+ Bd7 35. Re7 Rd6 36. Bg4 Qb5 37. c4 Qa4 38. Qe5 1-0

[Event "40th Olympiad Women"]
[Site "Istanbul TUR"]
[Date "2012.09.06"]
[Round "9.17"]
[Board "4"]
[White "Aay, Aisyah Anisa"]
[Black "De Rosa, Mariagrazia"]
[Result "1/2-1/2"]
[BlackTitle "WFM"]
[WhiteElo "1818"]
[BlackElo "2087"]
[WhiteTeam "Indonesia"]
[BlackTeam "Italy"]
[WhiteFideId "7102895"]
[BlackFideId "815136"]
[EventDate "2012.08.28"]

1. e4 c5 2. Nf3 e6 3. d4 cxd4 4. Nxd4 a6 5. c4 Qc7 6. Nc3 Nf6 7. a3 b6 8. Bd3
Bb7 9. Be3 d6 10. Rc1 Nbd7 11. f3 Rc8 12. O-O Be7 13. b4 Ne5 14. Na4 Nfd7 15.
Nb3 Qb8 16. c5 bxc5 17. bxc5 Nxd3 18. Qxd3 Bc6 19. cxd6 Bxd6 20. Qxa6 O-O 21.
Rxc6 Rxc6 22. Qxc6 Qxb3 23. Bf2 Nf6 24. Qxd6 Qxa4 25. Bc5 Re8 26. Qd4 Qc6 27.
Rd1 h5 28. a4 e5 29. Qb4 Rc8 30. Bf2 Qc2 31. Rb1 Rc4 32. Qb8+ Kh7 33. a5 Qa2 34.
a6 Qxa6 35. Qxe5 Rc2 36. h4 Qe2 37. Rf1 Rc6 38. Qd4 Rc2 39. e5 Rc4 40. Qd6 Ne8
41. Qd7 Nc7 42. Qxf7 Rc2 43. Qxh5+ Kg8 44. Qg5 Ne6 45. Qg3 Rd2 46. f4 Rd3 47.
Qg6 Nxf4 48. Qf5 Qd2 49. e6 Rg3 50. e7 Rxg2+ 51. Kh1 Qe2 52. e8=Q+ Qxe8 53. Qxf4
Qa8 54. Qc4+ Kh8 55. Qc8+ Qxc8 56. Kxg2 Qg4+ 57. Bg3 Qe4+ 58. Kh2 Kh7 59. Rf2
Kg6 60. Bf4 Qe1 61. Bg3 Qxf2+ 62. Bxf2 Kh5 63. Kh3 g5 64. hxg5 Kxg5 1/2-1/2

[Event "40th Olympiad Women"]
[Site "Istanbul TUR"]
[Date "2012.09.06"]
[Round "9.18"]
[Board "1"]
[White "Lujan, Carolina"]
[Black "Cori T., Deysi"]
[Result "1/2-1/2"]
[WhiteTitle "IM"]
[BlackTitle "WGM"]
[WhiteElo "2368"]
[BlackElo "2413"]
[WhiteTeam "Argentina"]
[BlackTeam "Peru"]
[WhiteFideId "109878"]
[BlackFideId "3801934"]
[EventDate "2012.08.28"]

1. e4 e6 2. d4 d5 3. Nc3 Nf6 4. e5 Nfd7 5. f4 c5 6. Nf3 Nc6 7. Be3 Be7 8. Qd2
O-O 9. Be2 b6 10. O-O Kh8 11. Nd1 cxd4 12. Nxd4 Nxd4 13. Bxd4 f6 14. Ne3 Bb7 15.
Rad1 Qc7 16. Ng4 Bc5 17. exf6 Nxf6 18. c3 Nxg4 19. Bxg4 Rf6 20. Rde1 Bc8 21. Kh1
Rg6 22. Bf3 Ba6 23. Be2 Bb7 24. Bd3 Rh6 25. Bc2 Rf8 26. Be5 Bd6 27. Qd4 Rh5 28.
Bxd6 Qxd6 29. Kg1 Rf6 30. Rf2 Kg8 31. Bd1 Rhh6 32. Bg4 Rf8 33. Re5 Rhf6 34. g3
Rc8 35. Rd2 a6 36. Qe3 Re8 37. f5 d4 38. cxd4 Bd5 39. fxe6 Ref8 40. Bh3 Rc8 41.
Re2 Rf3 42. Qd2 Bxa2 43. e7 Re8 44. Be6+ Bxe6 45. Rxe6 Qd5 46. R6e5 Qd6 47. Re6
Qd5 48. Rxb6 Qf5 49. Rf2 Rxe7 50. Rb8+ Kf7 51. Rxf3 Qxf3 52. Qf2 Re3 53. Rb7+
Kg8 54. Qxf3 Rxf3 55. Rb4 a5 56. Rb5 Rd3 57. Rxa5 Rxd4 58. Rf5 Rb4 59. Rf2 g5
60. h3 h5 61. Rf5 g4 62. h4 Rb3 63. Kf2 Rxb2+ 64. Ke3 Rb3+ 65. Kf4 Rf3+ 66. Kg5
Rxg3 67. Kxh5 Rf3 68. Rg5+ Kh7 69. Kxg4 Rf7 70. Rh5+ Kg7 71. Rb5 Rc7 72. Kg5 Rd7
73. Kf5 Rf7+ 74. Kg4 Rc7 75. h5 Ra7 76. Kg5 Rc7 77. h6+ 1/2-1/2

[Event "40th Olympiad Women"]
[Site "Istanbul TUR"]
[Date "2012.09.06"]
[Round "9.18"]
[Board "2"]
[White "Aliaga Fernandez, Ingrid Y"]
[Black "Amura, Claudia"]
[Result "1/2-1/2"]
[WhiteTitle "WFM"]
[BlackTitle "WGM"]
[WhiteElo "2169"]
[BlackElo "2351"]
[WhiteTeam "Peru"]
[BlackTeam "Argentina"]
[WhiteFideId "3802191"]
[BlackFideId "100536"]
[EventDate "2012.08.28"]

1. e4 c5 2. Nf3 Nc6 3. c4 e5 4. Nc3 g6 5. d3 Bg7 6. Bg5 f6 7. Bh4 Nge7 8. Be2
O-O 9. O-O d6 10. Qd2 Qd7 11. Nd5 f5 12. Bxe7 Nxe7 13. b4 b6 14. a4 Nxd5 15.
cxd5 h6 16. Ne1 Kh7 17. Nc2 Bf6 18. Na3 Bd8 19. Nc4 Bc7 20. f4 Ba6 21. b5 Bb7
22. fxe5 dxe5 23. a5 Rad8 24. Qb2 Rfe8 25. Kh1 Qe7 26. axb6 axb6 27. Ra7 Bb8 28.
Raa1 Qf6 29. Bf3 Re7 30. Qe2 Rf7 31. exf5 gxf5 32. Be4 Qg5 1/2-1/2

[Event "40th Olympiad Women"]
[Site "Istanbul TUR"]
[Date "2012.09.06"]
[Round "9.18"]
[Board "3"]
[White "Fernandez, Maria Florencia"]
[Black "Chumpitaz, Ann"]
[Result "0-1"]
[BlackTitle "WFM"]
[WhiteElo "2160"]
[BlackElo "2160"]
[WhiteTeam "Argentina"]
[BlackTeam "Peru"]
[WhiteFideId "116459"]
[BlackFideId "3804178"]
[EventDate "2012.08.28"]

1. d4 Nf6 2. c4 g6 3. f3 Bg7 4. e4 d6 5. Nc3 O-O 6. Be3 Nc6 7. Nge2 a6 8. Qd2
Rb8 9. h4 h5 10. O-O-O b5 11. Bh6 bxc4 12. Bxg7 Kxg7 13. g4 hxg4 14. h5 Rh8 15.
Ng3 e5 16. Bxc4 Nxd4 17. hxg6 Nxf3 18. Qe3 fxg6 19. Be2 Nh5 20. Nxh5+ Rxh5 21.
Bxf3 gxf3 22. Rdg1 Bg4 23. Nd1 Rxh1 24. Rxh1 Bh5 25. Nf2 Qe7 26. Kb1 c6 27. Rc1
Qb7 28. Rc2 Rf8 29. Qa3 Rf6 30. Qc3 Qb5 31. a3 c5 32. Qd2 Qf1+ 33. Ka2 Qg2 34.
Qa5 g5 35. Qxa6 Bf7+ 36. b3 g4 37. Qd3 Qg1 38. a4 Rh6 39. a5 Rh2 40. Qxd6 Rxf2
41. Qxe5+ Kh7 42. Qf5+ Bg6 43. Qd7+ Kh6 44. Rxf2 Qxf2+ 45. Ka3 Qd4 0-1